| 000 | 00838nam-a2200217-a-4500 | ||
|---|---|---|---|
| 001 | 000210710 | ||
| 003 | AM-YeHGA | ||
| 005 | 20250617162334.0 | ||
| 008 | 991105s1951 xxu 000 0 rus u | ||
| 020 | _c13.60 | ||
| 040 | _aAM-YeHGA | ||
| 100 | 1 | _aГинзберг, А.С. | |
| 245 | 1 | 0 |
_aЭкспериментальная петрография : _bУчебное пособие / _cА.С. Гинзберг ; ЛГУ ; Отв. ред. Х.С. Никогосян. |
| 260 |
_aЛенинград : _bЛГУ , _c1951. |
||
| 300 |
_a270 с. : _bил. |
||
| 504 | _aСписок лит. с. 261-262 | ||
| 650 | 1 | 4 | _aПетрография |
| 700 | 1 |
_aНикогосян, Х.С. _eред. _4edt |
|
| 710 | 2 | _aЛенинградский государственный университет им. А.А. Жданова | |
| 090 | _c491121 | ||
| 999 |
_c487752 _d487752 |
||